FAMIGLIA OGGI, ANNO 16-N.03 (MARZO 1993) (Record n. 136378)

Dettagli MARC
000 -LEADER
fixed length control field 00839nas a2200253Ia 4500
001 - CONTROL NUMBER
control field R138/B5491
003 - CONTROL NUMBER IDENTIFIER
control field IT-RoPAU
008 - FIXED-LENGTH DATA ELEMENTS--GENERAL INFORMATION
fixed length control field 151124c99999999xx |||||||||||| ||und||
040 ## - CATALOGING SOURCE
Original cataloging agency IT-RoPAU
040 ## - CATALOGING SOURCE
Transcribing agency IT-RoPAU
041 ## - LANGUAGE CODE
Language code of text/sound track or separate title ITALIANO
100 ## - MAIN ENTRY--PERSONAL NAME
Personal name Bramanti Donatella
Miscellaneous information Codice Aut. SPICS: 38430
210 ## - ABBREVIATED TITLE
Abbreviated title FAMIGLIA OGGI
222 ## - KEY TITLE
Key title Famiglia Oggi
245 ## - TITLE STATEMENT
Title FAMIGLIA OGGI, ANNO 16-N.03 (MARZO 1993)
Remainder of title Nuova Etica Sociale Dell'Impegno
250 ## - EDITION STATEMENT
Edition statement 1a ed.
260 ## - PUBLICATION, DISTRIBUTION, ETC. (IMPRINT)
Place of publication, distribution, etc. MILANO
Name of publisher, distributor, etc. ST PAULS INTERNATIONAL
Date of publication, distribution, etc. 1993
300 ## - PHYSICAL DESCRIPTION
Extent 7 p. [23-29]
362 ## - DATES OF PUBLICATION AND/OR SEQUENTIAL DESIGNATION
Dates of publication and/or sequential designation ANNO 016, N.03 (MARZO 1993)
501 ## - WITH NOTE
-- Paulus - SPICS - Società San Paolo EM (non-commercial uses only)
-- Copyright2015
500 ## - GENERAL NOTE
General note Affidamento Familiare. Istituzioni e Volontariato.
650 ## - SUBJECT ADDED ENTRY--TOPICAL TERM
Topical term or geographic name as entry element COMUNICAZIONE - FAMIGLIA
Form subdivision PUBBLICAZIONE PERIODICA
942 ## - ADDED ENTRY ELEMENTS (KOHA)
Koha item type RIVISTA
Dati di copia
Withdrawn status Lost status Damaged status Not for loan Home library Current library Date acquired Total Checkouts Full call number Date last seen Price effective from Koha item type Public note
    Buone Condizioni Not For Loan SPICS-MEDIATECA SPICS-MEDIATECA 25/11/2015   R138/B5491 25/11/2015 25/11/2015 RIVISTA Progr. Ins: 58471 / Copia rara: NO / date import: 25.11.2015 / By Epidotti, Trombetti, Vaglietti
CREDITS: SOCIETA' SAN PAOLO Via A.Severo, 58 - ROMA (RM) & PERIODICI SAN PAOLO SRL Via Giotto, 36 MILANO & CISF Via Giotto, 36 MILANO & EDIZIONI SAN PAOLO SRL,  Piazza Soncino, 5 CINISELLO BALSAMO (MI) -- ITALY